00418nam a2200133Ia 4500003000900000008004100009040003300050041001300083080001400096245007100110246003600181260005100217300001600268LK-CoDNM010623t2009 xxu||||| |||| 00| 1 eng d aLK-CoDNMdLK-CoDNMeLK-CoDNM aengasin a930.25ADI aඅධිලේඛන සහ විදේශ සබඳතා aAdilekana Saha Videsa Sabadatha bDepartment of National ArchivesaColomboc2009 b122p, 21 cm